| 000 | 00488cam a2200181ua 4500 | ||
|---|---|---|---|
| 020 | _c15.00 | ||
| 041 |
_aeng _h |
||
| 082 |
_a303.4 _bRAM/SO |
||
| 100 | _aRamakrishna, Mukherjee . | ||
| 245 |
_aSociologist and social change in India today / _cRamakrishna Mukherjee. _hTextual Documents |
||
| 250 |
_a1 / _b. |
||
| 260 |
_aNew Delhi : _bPrentice Hall of India Pvt Ltd. , _c1965. |
||
| 300 | _a229 ; . | ||
| 365 | _a15.00 | ||
| 504 | _a | ||
| 942 | _cBK | ||
| 999 |
_c1877 _d1877 |
||